00191nam a2200073Ia 4500082000800000245001800008100005000026008004100076 aKON 0aWankele roem  a KONSALIK, Heinz G. Pretoria (2000), 1994 210817s9999 xx 000 0 und d